| 000 | 00416nam a22001697a 4500 | ||
|---|---|---|---|
| 005 | 20250128133957.0 | ||
| 008 | 250128b |||||||| |||| 00| 0 eng d | ||
| 020 | _a9780071086608 | ||
| 050 |
_aBF 637.L4 M26 _b1 |
||
| 100 | _aManning,George | ||
| 245 | _aThe art of leadership | ||
| 260 |
_aNew York _bMcGraw-Hill _c2012c |
||
| 300 | _axxi,503p | ||
| 500 | _aindex | ||
| 700 | _aCurtis , Kent | ||
| 942 |
_2lcc _cBK _n0 |
||
| 999 |
_c3151 _d3151 |
||